Lionel Messi Goals 2015 - Statistics

General Stats
  • This quiz has been taken 755 times
    751 since last reset
  • The average score is 13 of 30
Answer Stats
Messi % Correct
Atletico Madrid
87%
Atletico Madrid
87%
Sevilla
85%
Sevilla
85%
Valencia
73%
Athletic Bilbao
71%
Athletic Bilbao
71%
Athletic Bilbao
64%
Bayern Munich
63%
Betis
48%
Getafe
46%
Espanyol
44%
Real Sociedad
43%
Eibar
41%
Levante
37%
Deportivo La Coruña
36%
Granada
32%
Villarreal
31%
Villarreal
31%
Bolivia
30%
Paraguay
30%
Rayo Vallecano
29%
Elche
28%
Elche
28%
Almeria
21%
AS Roma
20%
River Plate
20%
Mexico
16%
Córdoba
14%
Bayer Leverkusen
13%
No matching quizzes found
Score Distribution
Percent of People with Each Score
Percentile by Number Answered
Your Score History
You have not taken this quiz since the last reset